00587cam a2200181 a 4500020001500000082002900015100001600044245004900060250001200109260003900121300003200160500002000192526003700212650002900249650000900278856005500287856006300342 a075064110X00a510.2462bBIRcN-01,P-221 aBird, J. O.10aHigher engineering mathematics /cJ.O. Bird. a3rd ed. aOxford ;aBoston :bNewnes,c1999. ax, 644 p. :bill. ;c25 cm. aIncludes index. a0b1c0d510_246200000000000_BIR 0aEngineering mathematics. 0aNUST41uhttp://www.loc.gov/catdir/toc/els033/99462564.html42uhttp://www.loc.gov/catdir/description/els033/99462564.html